00641nam a2200193 i 4500001000700000003000900007005001700016007000300033008004100036080002200077100002300099245014800122260003000270300002100300500004300321700002900364700002100393852003300414125421ES-MaACL20250716062623.0t|070611s1928 fr ||||1| fre d a821.113.1-293"19"1 aMéré, Charles.10aAngelo b: Tyran de Padoue : drame lyrique en cinq actes / ctiré du drame de Victor Hugo ; par Charles Méré ; musique de Alfred Bruneau. aParis : bHeugel, c1928. a84 p. ; c18 cm. aBiblioteca Jacinto Martínez Lacalle.1 aHugo, Victor,d1802-18851 aBruneau, Alfred. aES-MaACLjE-11657 bR.139699